LEADER 00898nam0-2200325---450- 001 990009938920403321 005 20150206132354.0 010 $a978-88-709-2355-1 035 $a000993892 035 $aFED01000993892 035 $a(Aleph)000993892FED01 035 $a000993892 100 $a20150206d2013----km-y0itay50------ba 101 0 $aita 102 $aIT 105 $ay-------001yy 200 1 $aMezzogiorno di fede$eil rito tra esperienza, memoria e storia$fStefano De Matteis 210 $aNapoli$cD'Auria$d2013 215 $a254 p.$d21 cm 225 1 $aReligioni e storia$v2 610 0 $aRiti religiosi 676 $a203.8$v22$zita 700 1$aDe Matteis,$bStefano$0143724 801 0$aIT$bUNINA$gREICAT$2UNIMARC 901 $aBK 912 $a990009938920403321 952 $aXIV L 68$b52246$fFSPBC 959 $aFSPBC 996 $aMezzogiorno di fede$9821947 997 $aUNINA LEADER 03987nam 2200673 a 450 001 9910788418803321 005 20230828215824.0 010 $a3-11-092201-0 024 7 $a10.1515/9783110922011 035 $a(CKB)3360000000338578 035 $a(EBL)3040202 035 $a(SSID)ssj0000777560 035 $a(PQKBManifestationID)11440426 035 $a(PQKBTitleCode)TC0000777560 035 $a(PQKBWorkID)10755645 035 $a(PQKB)10728325 035 $a(MiAaPQ)EBC3040202 035 $a(DE-B1597)56753 035 $a(OCoLC)979970411 035 $a(DE-B1597)9783110922011 035 $a(Au-PeEL)EBL3040202 035 $a(CaPaEBR)ebr10585182 035 $a(OCoLC)923706018 035 $a(EXLCZ)993360000000338578 100 $a20051122d2006 uy 0 101 0 $aeng 135 $aur|n|---||||| 181 $ctxt 182 $cc 183 $acr 200 04$aThe architecture of focus$b[electronic resource] /$fedited by Vale?ria Molna?r, Susanne Winkler 210 $aBerlin ;$aNew York $cMouton de Gruyter$dc2006 215 $a1 online resource (625 p.) 225 1 $aStudies in generative grammar,$x0167-4331 ;$v82 300 $aDescription based upon print version of record. 311 $a3-11-018578-4 320 $aIncludes bibliographical references and index. 327 $apt. 1. Theoretical foundations of focus and information structure -- pt. 2. The representation of focus, topic and contrast at the syntax-pragmatics interface -- pt. 3. The phonological representation of focus, topic and contrast and its relation to meaning -- pt. 4. Focus-related constructions in different languages. 330 $aThis collection investigates the architecture of focus in linguistic theory from different theoretical perspectives. Research on focus and information structure in the last four decades has shown that the phenomenon of focus is highly complex, the theoretical approaches manifold, and the data highly sensitive. The main emphasis has been placed on the integration of the notion of focus in generative grammar. In recent years, however, the approaches to focus and information structure underwent a radical change in perspective. The theoretical concept of focus, its related terms and phenomena became the object of research. Along with it, the research questions shifted: instead of locating focus in the architecture of grammar, linguists investigate the architecture of focus itself. The central underlying idea of this collection is to document this change in perspective with the aim of isolating essential keystones and research areas in both the theoretical and empirical domain. The book is structured accordingly. Following the introduction, there are four main sections: The general section discusses the theoretical foundations of focus within grammar. The second section hosts papers which investigate the representation of focus and topic at the syntax-pragmatics interface. The third section discusses the phonological representation of focus and its relation to meaning. The papers of the final section investigate different types of focus constructions in a variety languages. The collection of papers on the architecture of focus, its interpretation and representation mirror the establishment of the focus research field. 410 0$aStudies in generative grammar ;$v82.$x0167-4331 606 $aFocus (Linguistics) 606 $aGenerative grammar 606 $aGrammar, Comparative and general 610 $aFocus. 610 $aSyntax. 615 0$aFocus (Linguistics) 615 0$aGenerative grammar. 615 0$aGrammar, Comparative and general. 676 $a415 686 $aET 180$2rvk 701 $aMolna?r$b Vale?ria$01465901 701 $aWinkler$b Susanne$f1960-$0223523 801 0$bMiAaPQ 801 1$bMiAaPQ 801 2$bMiAaPQ 906 $aBOOK 912 $a9910788418803321 996 $aThe architecture of focus$93825507 997 $aUNINA LEADER 10003nam 2203205 a 450 001 9910495864403321 005 20230828224657.0 010 $a0-585-03182-7 035 $a(CKB)111000211183306 035 1 $aMAHL91B7106 035 1 $zCASX91B69089 035 $a(MH)002230591-2 035 $a(SSID)ssj0000186658 035 $a(PQKBManifestationID)12012129 035 $a(PQKBTitleCode)TC0000186658 035 $a(PQKBWorkID)10218880 035 $a(PQKB)10282930 035 $a(EXLCZ)99111000211183306 100 $a19911018d1991 uy 0 101 0 $aeng 135 $aur||||||||||| 181 $ctxt 182 $cc 183 $acr 200 10$aJust doctoring $emedical ethics in the liberal state /$fTroyen Brennan$b[electronic resource] 210 $aBerkeley $cUniversity of California Press$dc1991 215 $a1 online resource (xiv, 287 p. ) 300 $a"A Centennial Book" 311 $a0-520-07333-9 320 $aIncludes bibliographical references (p. 239-282) and index. 517 $aJust doctoring 606 $aMedical ethics 606 $aEthics, Medical 606 $aPhilosophy, Medical 606 $aEconomics, Medical 606 $aHealth Care Rationing 606 $aPhysician-Patient Relations 606 $aPatient Advocacy 606 $aInformed Consent 606 $aQuality of Health Care 606 $aMedical ethics 606 $aCompensation and Redress 606 $aDelivery of Health Care 606 $aPaternalism 606 $aPublic Policy 606 $aSocial Justice 606 $aAcquired Immunodeficiency Syndrome 606 $aEthics 606 $aHIV Seropositivity 606 $aJurisprudence 606 $aPersonal Autonomy 606 $aAltruism 606 $aBeneficence 606 $aEconomics 606 $aFreedom 606 $aHuman Rights 606 $aWounds and Injuries 606 $aHealth Care Rationing 606 $aSocial Change 606 $aCoercion 606 $aLiability, Legal 606 $aPhysicians 606 $aPolitical Systems 606 $aInformed Consent 606 $aMorals 606 $aQuality of Health Care 606 $aOccupational Exposure 606 $aResource Allocation 606 $aMoral Obligations 606 $aPatient Care 606 $aPatients 606 $aPhysician-Patient Relations 606 $aEthics, Medical 606 $aSocial Responsibility 606 $aIatrogenic Disease 606 $aPhysician's Role 606 $aPolicy Making 606 $aMalpractice 606 $aRefusal to Treat 606 $aSocial Welfare 606 $aSocial Control Policies 606 $aSocial Sciences 606 $aEthics, Clinical 606 $aDisease Attributes 606 $aEnvironmental Exposure 606 $aPrinciple-Based Ethics 606 $aSocial Control, Formal 606 $aHIV Infections 606 $aHealth Services Accessibility 606 $aHealth Care Quality, Access, and Evaluation 606 $aHealth Services 606 $aProfessional Role 606 $aAttitude of Health Personnel 606 $aPsychology, Social 606 $aTherapeutics 606 $aPrimary Health Care 606 $aSociology 606 $aProfessional-Patient Relations 606 $aHealth Care Economics and Organizations 606 $aPatient Rights 606 $aSlow Virus Diseases 606 $aHealth Personnel 606 $aPersons 606 $aDisease 606 $aPsychological Phenomena and Processes 606 $aPhilosophy 606 $aPatient Care Management 606 $aSocial Control, Informal 606 $aHumanities 606 $aHealth Services Administration 606 $aSocial Behavior 606 $aSocioeconomic Factors 606 $aHealth Planning 606 $aDelivery of Health Care 606 $aEthics, Professional 606 $aPolicy 606 $aBehavior 606 $aPopulation Characteristics 606 $aBehavior and Behavior Mechanisms 606 $aVirus Diseases 606 $aRole 606 $aHealth Care Facilities Workforce and Services 606 $aPathologic Processes 606 $aAnthropology, Education, Sociology and Social Phenomena 606 $aEnvironmental Pollution 606 $aLentivirus Infections 606 $aImmunologic Deficiency Syndromes 606 $aSexually Transmitted Diseases, Viral 606 $aAnalytical, Diagnostic and Therapeutic Techniques and Equipment 606 $aComprehensive Health Care 606 $aNamed Groups 606 $aInterpersonal Relations 606 $aOccupational Groups 606 $aPsychiatry and Psychology 606 $aSexually Transmitted Diseases 606 $aRetroviridae Infections 606 $aGroup Processes 606 $aPathological Conditions, Signs and Symptoms 606 $aImmune System Diseases 606 $aPublic Health 606 $aRNA Virus Infections 606 $aEnvironment and Public Health 606 $aMedical Ethics & Philosophy$2HILCC 606 $aMedicine$2HILCC 606 $aHealth & Biological Sciences$2HILCC 615 0$aMedical ethics. 615 2$aEthics, Medical. 615 2$aPhilosophy, Medical. 615 2$aEconomics, Medical. 615 2$aHealth Care Rationing. 615 2$aPhysician-Patient Relations. 615 2$aPatient Advocacy. 615 2$aInformed Consent. 615 2$aQuality of Health Care. 615 0$aMedical ethics. 615 2$aCompensation and Redress. 615 2$aDelivery of Health Care. 615 2$aPaternalism. 615 2$aPublic Policy. 615 2$aSocial Justice. 615 2$aAcquired Immunodeficiency Syndrome. 615 2$aEthics. 615 2$aHIV Seropositivity. 615 2$aJurisprudence. 615 2$aPersonal Autonomy. 615 2$aAltruism. 615 2$aBeneficence. 615 2$aEconomics. 615 2$aFreedom. 615 2$aHuman Rights. 615 2$aWounds and Injuries. 615 2$aHealth Care Rationing. 615 2$aSocial Change. 615 2$aCoercion. 615 2$aLiability, Legal. 615 2$aPhysicians. 615 2$aPolitical Systems. 615 2$aInformed Consent. 615 2$aMorals. 615 2$aQuality of Health Care. 615 2$aOccupational Exposure. 615 2$aResource Allocation. 615 2$aMoral Obligations. 615 2$aPatient Care. 615 2$aPatients. 615 2$aPhysician-Patient Relations. 615 2$aEthics, Medical. 615 2$aSocial Responsibility. 615 2$aIatrogenic Disease. 615 2$aPhysician's Role. 615 2$aPolicy Making. 615 2$aMalpractice. 615 2$aRefusal to Treat. 615 2$aSocial Welfare. 615 2$aSocial Control Policies. 615 2$aSocial Sciences. 615 2$aEthics, Clinical. 615 2$aDisease Attributes. 615 2$aEnvironmental Exposure. 615 2$aPrinciple-Based Ethics. 615 2$aSocial Control, Formal. 615 2$aHIV Infections. 615 2$aHealth Services Accessibility. 615 2$aHealth Care Quality, Access, and Evaluation. 615 2$aHealth Services. 615 2$aProfessional Role. 615 2$aAttitude of Health Personnel. 615 2$aPsychology, Social. 615 2$aTherapeutics. 615 2$aPrimary Health Care. 615 2$aSociology. 615 2$aProfessional-Patient Relations. 615 2$aHealth Care Economics and Organizations. 615 2$aPatient Rights. 615 2$aSlow Virus Diseases. 615 2$aHealth Personnel. 615 2$aPersons. 615 2$aDisease. 615 2$aPsychological Phenomena and Processes 615 2$aPhilosophy. 615 2$aPatient Care Management. 615 2$aSocial Control, Informal. 615 2$aHumanities. 615 2$aHealth Services Administration. 615 2$aSocial Behavior. 615 2$aSocioeconomic Factors. 615 2$aHealth Planning. 615 2$aDelivery of Health Care. 615 2$aEthics, Professional. 615 2$aPolicy. 615 2$aBehavior. 615 2$aPopulation Characteristics. 615 2$aBehavior and Behavior Mechanisms. 615 2$aVirus Diseases. 615 2$aRole. 615 2$aHealth Care Facilities Workforce and Services. 615 2$aPathologic Processes. 615 2$aAnthropology, Education, Sociology and Social Phenomena 615 2$aEnvironmental Pollution. 615 2$aLentivirus Infections. 615 2$aImmunologic Deficiency Syndromes. 615 2$aSexually Transmitted Diseases, Viral. 615 2$aAnalytical, Diagnostic and Therapeutic Techniques and Equipment 615 2$aComprehensive Health Care. 615 2$aNamed Groups 615 2$aInterpersonal Relations. 615 2$aOccupational Groups. 615 2$aPsychiatry and Psychology 615 2$aSexually Transmitted Diseases. 615 2$aRetroviridae Infections. 615 2$aGroup Processes. 615 2$aPathological Conditions, Signs and Symptoms. 615 2$aImmune System Diseases. 615 2$aPublic Health. 615 2$aRNA Virus Infections. 615 2$aEnvironment and Public Health. 615 7$aMedical Ethics & Philosophy 615 7$aMedicine 615 7$aHealth & Biological Sciences 676 $a174/.2 700 $aBrennan$b Troyen A$01234128 801 0$bDLC 801 1$bDLC 801 2$bCU-SB 801 2$bMH-L 906 $aBOOK 912 $a9910495864403321 996 $aJust doctoring$92866654 997 $aUNINA 999 $aThis Record contains information from the Harvard Library Bibliographic Dataset, which is provided by the Harvard Library under its Bibliographic Dataset Use Terms and includes data made available by, among others the Library of Congress